000 00984cam a22002534a 4500
001 3575520
003 NUST - PNEC
005 20170116181016.0
008 990316s2000 nyua 001 0 eng
010 _a 99022866
020 _a0471124729 (alk. paper)
040 _cLIBRARY
082 0 0 _a621.3822 CAV
100 1 _aCavicchi, Thomas J.
245 1 0 _aDigital signal processing /
_cThomas J. Cavicchi.
260 _aNew York :
_bWiley,
_cc2000.
300 _axv, 793 p. :
_bill. ;
_c26 cm.
650 0 _aSignal processing
_xEL
856 4 2 _3Publisher description
_uhttp://www.loc.gov/catdir/description/wiley031/99022866.html
856 4 _3Table of Contents
_uhttp://www.loc.gov/catdir/toc/onix01/99022866.html
906 _a7
_bcbc
_corignew
_d1
_eocip
_f19
_gy-gencatlg
942 _2ddc
_cBK
999 _c67278
_d67278